[Event "2024 Jeremy Silman Memorial TNM"]
[Site "San Francisco"]
[Date "2024.07.09"]
[Round "1.20"]
[White "Wong, Wilson"]
[Black "Brown, Nicholas M"]
[Result "1-0"]
[WhiteElo "1916"]
[BlackElo "1325"]
[Annotator "Wong,Wilson"]
[PlyCount "101"]
[GameId "2065852383750571"]
[EventDate "2024.??.??"]

{[%evp 0,42,19,21,72,53,56,50,15,14,42,22,21,26,37,45,58,48,41,48,55,24,44,45,48,-20,4,6,26,24,74,62,56,45,49,49,132,81,97,114,114,119,132,107,96]} 1. e4 c5 2. Nf3 Nc6 3. d4 cxd4 4. Nxd4 d6 {Black allows a Maroczy Bind.} 5. c4 {I take the game into a more positional struggle, which should give my opponent plenty of chances to go wrong, and I get to avoid move-by-move theory.} e5 {This seems like some odd Kalashnikov in which White's knights aren't tripping on each other. I spent a long time figuring out which knight move to make. My considerations were 6.Nb5, 6.Nxc6, or 6.Nc2. 6.Nb5 looks like I would transpose into some kind of Kalashnikov in which my development is lagging behind, and Black can play ...f5 with sharp play. 6.Nxc6 gives my opponent a lot of pawns in the center, but I can't pile on the d6-pawn which is guarded by f8-bishop, and a c6-pawn would corral a c3-knight. I ultimately settled on Nc2.} 6. Nc2 {I keep control of d4-square and think I'm better positioned in the event Black wants to open up the position with ...f5. If Black does normal development, I'll want Be2 then O-O since I know I want to O-O, which has the better shelter, while the queenside will be the battleground of the game.} Nf6 ({Relevant:} 6... Be6 7. Nc3 Nf6 8. h3 Be7 9. Be3 Rc8 10. b3 a6 11. Qd2 O-O 12. Bd3 b5 13. cxb5 axb5 14. Bxb5 Qa5 15. O-O Na7 16. Bc4 Bxc4 17. bxc4 Nc6 18. Qd3 Qa6 19. Rfc1 Rfe8 20. Bg5 h6 21. Bxf6 Bxf6 22. Ne3 Bg5 23. Nb5 Nd4 24. h4 Bxh4 25. Nxd4 exd4 26. Nd5 Rc5 27. g3 Bg5 28. f4 Rxd5 29. exd5 Re3 30. Qxe3 dxe3 31. fxg5 Qa3 32. gxh6 Qb2 33. Rf1 Qe5 34. Kh2 Qh5+ 35. Kg2 Qe2+ 36. Kg1 {½-½ Harvey,M (2402)-Perunovic,M (2597) Paracin Summer op-A 12th 2019 (6)}) 7. Nc3 Be7 8. Be2 O-O 9. O-O {Both sides make natural developing moves.} b6 {[#] Black wants to fianchetto their c8-bishop to pressure e4-pawn but White hasn't committed f-pawn yet so White can blunt that diagonal after ...Bb7. One drawback of ...b6 is Black takes away squares on a5-d8 diagonal for their queen, which means it'll be more difficult for Black to pressure a7-g1 diagonal.} 10. Kh1 $146 {Just prophylaxis, there will be no lines in which Black gets a ...Qb6+ fork on my king and an undefended b2-pawn. I wait for Black to commit their c8-bishop. I don't want f4 because it would give Black e5-square. I'll probably want to play b3 at some point, getting option of Ba3 to pressure d6-pawn. I want to keep my bind if possible. My plan is to solidify my position then develop my pieces optimally while being attentive to possibilities of a pawn-break. I'm ready to play on both sides of the board.} ({Predecessor:} 10. Be3 Bb7 11. f3 Re8 12. Qd2 Qd7 13. Rfd1 Bf8 14. Rac1 Red8 15. b4 Ne7 16. b5 Ng6 17. Nb4 Rac8 18. Ncd5 Nxd5 19. cxd5 Be7 20. Nc6 Bxc6 21. bxc6 Qc7 22. a4 Rf8 23. a5 Bd8 24. axb6 axb6 25. Ra1 Rb8 26. Ra6 Qc8 27. Ra7 Bc7 28. Ba6 Qd8 29. Rb1 Ra8 30. Rxa8 Qxa8 31. Bxb6 Rb8 32. Bb7 Bxb6+ 33. Rxb6 Qa1+ 34. Kf2 Ne7 35. Rb2 Qa7+ 36. Qe3 Qa5 37. g3 h6 38. Qb6 Qc3 39. Qb4 Qc1 {1-0 Pecinar,Z (2166)-Jakovljevic,L (1922) SRB-chT2 West CS Serbia 2016 (10.3)}) 10... Bb7 11. f3 {More prophylaxis. I want to play this move so I may as well get it in now when there is nothing urgent going on. I'm not afraid of ...Nh5, ...Nf4.} Rc8 {[#]} 12. Ne3 {Eyeing f5-square. I don't mind trading a knight at an opportune time for e7-knight in order to get rid of a solid defender of d6-pawn. Black can jump into d4-square, preventing Nf5, but it isn't attacking anything important.} Nd4 {I don't mind this knight so much, it isn't secure on d4-square since I can trade my c1-bishop for it if so desired, and my e2-bishop is bad, so I don't mind Black trading for it.} 13. b3 {Reinforcing c4-pawn so I don't have to deal with ...Ba6.} a6 14. Bb2 {Protecting c3-knight and I'm willing to trade my b2-bishop for d4-knight to give Black a weak d4-pawn.} Nd7 {Black gives up control of d5-square.} 15. Ncd5 {It was a mistake for Black to give up control of d5-square because now d6-pawn will have one of its defenders threatened, as well as d4-knight also being threatened.} Nxe2 {[#]} 16. Nxe7+ {A nice intermezzo. Black loses a good defender of d6-pawn. If Black can't push ...d5, at least Black will want to make sure the pawn is secure, which it now won't be.} Qxe7 17. Qxe2 Nf6 18. Rfd1 {I want to pile up on d6-pawn and force Black to a passive position when I can look to poke more holes while Black is tied up.} Rfd8 19. Ba3 {For Black to secure d6-pawn, Black will have to twist into a pretzel, which is fine by me.} g6 {Preventing Nf5.} 20. Rd2 {This was a lazy move. It'll now be more difficult for me to pile on d6-pawn.} (20. Rd3 {I think I should've played this. I didn't play this because I wanted to not allow ...b5, which isn't even good. I didn't like my pieces on forkable squares, but ...Nh5 is well met by Qd2, when White has an easy time piling up and winning d6-pawn.}) 20... Nh5 21. Qd1 (21. Rad1 {I missed the very simple doubling rooks.}) 21... Qg5 22. Nd5 {This apparently gave up a lot of my edge but this is logical to me, getting a deep knight outpost, and recapturing with a rook to keep d6-pawn a weakness.} (22. Qe1 {Protecting e3-knight.} f5 23. exf5 gxf5 {This is a very chaotic position that Stockfish likes, but I find the position very sharp and easy to mess up.} 24. Rad1 e4 {Black wants to open the diagonal for their b7-bishop.} 25. f4 Nxf4 26. h4 Qh5 {This is all very sharp and messy and I would not know how to evaluate a position like this. My king is far from safe and Black has deep e- and f-pawns, while close to opening a8-h1 diagonal for their b7-bishop.}) 22... Bxd5 23. Rxd5 Nf4 24. Rd2 b5 25. cxb5 axb5 {[#]} 26. g3 {I spent a lot of time thinking of the best way to handle f4-knight and settled for this. I weaken my king and the f3-e4 pawn-chain, but this seemed the most elegant solution. If ...Ne6, d6-pawn will drop off and I can have my a3-bishop control d4-square. Black can get some activity, but I can maneuver my pieces to secure the extra pawn then continue the game from there.} Nh3 {Black is putting their knight on the edge, and while it's a little annoying, Black will have to then invest time to getting it back in the game if there is no concrete benefit.} 27. Qe2 {I settled on this move. I looked at 27.Kg2 Nf4+ 28.Kf2 and thought bringing my king into the center and in view of a potential ...f5 is not where I want to be. I'm happy I found this elegant solution, just reinforcing control of second rank and preparing doubling of rooks on d-file.} Qf6 28. Kg2 {This wins a pawn, but gives up some time for Black to get more active pieces, but a pawn is a pawn, and not just any pawn, but a pawn holding back my queenside majority.} Ng5 29. h4 {I want to take b5-pawn.} Ne6 30. Qxb5 {Stockfish evaluates this as equal but I don't see it. The 2-on-0 queenside majority should decide the game.} Nd4 (30... g5 {The only move that keeps equality, and while weakening, is necessary. If Black does nothing, White will push the queenside majority up the board and win off that.}) 31. Qd3 Rc6 32. Bb2 Rdc8 33. Bxd4 exd4 34. Qxd4 {White's king is reasonably secure so the rest of game is just a matter of technique.} Qe6 35. Qb2 {Controlling the c2-square from Black's rook penetration and getting behind passed pawns. I'm ready to get my pawns rolling.} Qd7 36. b4 Qc7 37. a4 Rc4 38. a5 Rb8 39. b5 Qc5 40. b6 Rb4 41. Qf6 {While I was marching my pawns down the board, that doesn't mean I can't also play on the kingside, where Black's king is terminally weak. There is no way for Black to protect d6-pawn and I'll be taking d6-pawn next, forcing a queen trade and keeping my a5-pawn safe.} Rb5 42. Qxd6 Qxd6 43. Rxd6 {This position is completely hopeless for Black. White's king isn't in any danger of getting mated.} Ra8 44. a6 Rc8 45. Ra2 {This move is unnecessary since Black can't arrange their pieces in time to make mate threats to my king but I wanted the aesthetically pleasing well placed king and zero counterplay for Black.} h5 46. b7 Rc1 47. Rd8+ Kg7 48. b8=Q Rbc5 49. Rg8+ Kf6 (49... Kh7 50. Qf8 {Unstoppable mate, there is no stalemate.}) 50. Qd8+ (50. Qd6# {The quicker mate.}) 50... Ke6 51. Re8# {1-0 White wins.} 1-0

[Event "2024 Jeremy Silman Memorial TNM"]
[Site "San Francisco"]
[Date "2024.07.09"]
[Round "1.21"]
[White "Toczyski, David Paul"]
[Black "Dutter, Frederic"]
[Result "0-1"]
[WhiteElo "1319"]
[BlackElo "1904"]
[PlyCount "95"]
[GameId "2065852284402054"]
[EventDate "2024.??.??"]

1. e4 Nf6 2. e5 Nd5 3. c4 Nb6 4. d4 d6 5. exd6 cxd6 6. Nc3 g6 7. Nf3 Bg7 8. Be3 Bg4 9. Be2 Nc6 10. O-O O-O 11. b3 e6 12. Rc1 d5 13. c5 Nc8 14. a3 ({Relevant:} 14. Ne1 Bxe2 15. Nxe2 N8e7 16. Nf3 h6 17. Qd2 g5 18. h4 f6 19. b4 a6 20. a4 Nf5 21. hxg5 fxg5 22. Nh2 e5 23. dxe5 d4 24. Qa2+ Kh8 25. Rcd1 Qc7 26. Bc1 Nxb4 27. Qc4 Nc6 28. f4 gxf4 29. Nxf4 Nxe5 30. Qd5 Rad8 31. Qb3 Rde8 32. Qh3 Qxc5 33. Ba3 Qc6 34. Bxf8 Rxf8 35. Nd3 Nc4 36. Rc1 Nfe3 37. Rxf8+ Bxf8 38. Ne5 Qc5 39. Nxc4 Nxc4 40. Qd3 b5 41. axb5 axb5 42. Nf3 Bg7 43. Nd2 Qg5 {½-½ Aarav,D (2388)-Fier,A (2600) Casablanca Mohammed op 4th 2023 (2)}) 14... N8e7 15. h3 Bxf3 16. Bxf3 Nf5 17. Ne2 Nxe3 18. fxe3 {[#]} Bh6 $146 ({Predecessor:} 18... Qg5 19. Qd3 Bh6 20. Nf4 Qg3 21. Ne2 Qg5 22. Nf4 Qg3 23. Ne2 Qg5 {½-½ Domingo Nunez,A (2358)-Loew,G (2166) Titled Tuesday intern op 02nd Mar Chess.com INT blitz 2021 (4)}) 19. Qd3 e5 20. dxe5 Nxe5 21. Qd2 Nxf3+ 22. Rxf3 Qe7 23. Nf4 Rad8 24. b4 Rfe8 25. Re1 Qe4 26. Qd3 d4 27. Qxe4 Rxe4 28. Rd1 a6 29. Rd3 Bg5 30. g3 Bf6 31. Kf2 dxe3+ 32. Rdxe3 Bd4 33. Ke2 Bxe3 34. Rxe3 Rxe3+ 35. Kxe3 Kf8 36. a4 Rd1 37. Nd3 Ke7 38. Ke2 Ra1 39. a5 Ke6 40. g4 Kd5 41. Kd2 Ra2+ 42. Kc3 Ra3+ 43. Kc2 Kc4 44. Nf4 Kxb4 45. Kb2 Rf3 46. Nd5+ Kxc5 47. Nc3 Rxc3 48. Kxc3 0-1

[Event "2024 Jeremy Silman Memorial TNM"]
[Site "San Francisco"]
[Date "2024.07.09"]
[Round "1.22"]
[White "Riese, Kayven"]
[Black "Schaezlein, Charlie"]
[Result "1-0"]
[WhiteElo "1900"]
[BlackElo "1311"]
[PlyCount "63"]
[GameId "2066087780364545"]
[EventDate "2024.??.??"]

1. e4 c5 2. Nf3 g6 3. d4 cxd4 4. Nxd4 Bg7 5. Nc3 Nc6 6. Be3 Nf6 7. Bc4 Qa5 8. O-O O-O 9. Bb3 d6 10. h3 Bd7 11. a3 a6 12. Qd3 Rac8 13. f4 e6 {[#]} ({Relevant:} 13... Nxd4 14. Bxd4 Bc6 15. e5 dxe5 16. fxe5 Nd5 17. Ne4 Rcd8 18. Rad1 Nc7 19. Qe3 Bxe4 20. Bc3 Qb5 21. Rxd8 Rxd8 22. Bxf7+ Kh8 23. Qxe4 Qc5+ 24. Kh1 Nb5 25. Qh4 Nxc3 26. Bxg6 h6 27. bxc3 Qxe5 28. Bd3 Rf8 29. Re1 Qd5 30. Rxe7 b5 31. Re1 Rg8 32. Qf4 Qd7 33. Re3 Re8 34. Qg4 Qf7 35. Rf3 Re1+ 36. Kh2 Qc7+ 37. Qg3 Qxg3+ 38. Kxg3 Bxc3 39. Rf7 Ra1 40. Kg4 Kg8 41. Ra7 Rxa3 42. Kf5 Ra1 43. Kg6 {1-0 Can,I (2385)-Unat,C (2047) TUR-chT Ankara 2018 (11.5)}) 14. Rad1 $146 ({Predecessor:} 14. Nf3 Ne8 15. Rad1 Ne7 16. e5 d5 17. g4 f5 18. g5 Nc7 19. h4 Rfd8 20. Rf2 Be8 21. Nd4 Nc6 22. Nce2 Bf7 23. h5 Nb5 24. hxg6 hxg6 25. Rh2 Nbxd4 26. Bxd4 Qc7 27. Qh3 b6 28. Kg2 Kf8 29. Qe3 Rb8 30. Rdh1 a5 31. Ba4 Nxd4 32. Nxd4 Qc5 33. Kf3 b5 34. Nxe6+ {1-0 Novak,K (2124)-Schulz,S (2069) EU-ch U18 Girls Urgup 2004 (7)}) 14... Ne8 15. Kh1 e5 16. Nxc6 Bxc6 17. f5 Qd8 18. Bd5 Nf6 19. Bg5 h6 20. Bxf6 Bxf6 21. fxg6 Bxd5 22. Qxd5 Kg7 23. gxf7 Rc6 24. Rf3 Qd7 25. Rg3+ Kh7 26. Rf1 Rxf7 27. Rgf3 Kg6 28. Qb3 Rc7 29. Nd5 Bg7 30. Nxc7 Rxf3 31. Qxf3 Qxc7 32. Qf5# 1-0

[Event "2024 Jeremy Silman Memorial TNM"]
[Site "San Francisco"]
[Date "2024.07.09"]
[Round "1.23"]
[White "Le, Thu Anh"]
[Black "Marvin, Hayes Alexander"]
[Result "1-0"]
[WhiteElo "1283"]
[BlackElo "1876"]
[Annotator "Le,Thu Anh"]
[PlyCount "83"]
[GameId "2066087780364546"]
[EventDate "2024.??.??"]

1. d4 Nf6 2. c4 e6 3. g3 Bb4+ 4. Bd2 Qe7 5. Bg2 O-O 6. a3 (6. Nf3 {I looked at this but didn't want to potentially trade too many pieces early.} Ne4 7. O-O Bxd2 8. Nbxd2 Nxd2 9. Qxd2) 6... Bxd2+ 7. Nxd2 d5 8. Ngf3 b6 9. O-O Bb7 10. Ne5 {With the idea to keep the center tension. Black cannot yet go dxc4.} (10. b4) (10. cxd5 exd5) ({Relevant:} 10. Rc1 c5 11. e3 dxc4 12. dxc5 Nbd7 13. cxb6 Nxb6 14. Ne5 Rfd8 15. Bxb7 Qxb7 16. Qf3 Qxf3 17. Nexf3 Rac8 18. Rc2 Na4 19. Nxc4 Nxb2 20. Rxb2 Rxc4 21. Rb7 Ra4 22. Ne5 Rxa3 23. Rc1 Rf8 24. Nd7 Nxd7 25. Rxd7 h5 26. h4 Ra2 27. Rcc7 a5 28. Ra7 g6 29. Rdc7 Kg7 30. Rc5 {½-½ Saraci,N (2412)-Miljkovic,M (2478) FRM-chT Struga 2018 (3.1)}) 10... Nbd7 11. Nxd7 Qxd7 12. Qc2 Rac8 {[#]} 13. cxd5 $146 (13. c5 {This move stood out to me initially, but I couldn't find the right plan. Or rather, I felt that I didn't understand the potential resulting position enough.} bxc5 (13... Qb5 14. e3 bxc5 15. dxc5) 14. Qxc5) ({Predecessor:} 13. c5 bxc5 14. Qxc5 Qa4 15. b4 Ne4 16. Nxe4 dxe4 17. Rfc1 Bd5 18. e3 c6 19. Bf1 Ra8 20. Rc3 Rfb8 21. Be2 h6 22. Rac1 Rb7 23. Qd6 Rab8 24. b5 Rxb5 25. Bxb5 Rxb5 26. Qd8+ Kh7 27. Qf8 Rb7 28. h4 h5 29. Qd6 a5 30. Qe5 g6 31. Qf6 Qb5 32. R3c2 Qa6 33. g4 hxg4 34. h5 Qa8 35. hxg6+ fxg6 36. Kg2 Kg8 37. Rh1 Rg7 38. Rcc1 g3 39. Rh6 gxf2 40. Rch1 f1=Q+ 41. Kxf1 {1-0 Mamoshin,V (2276)-Vorobev,K (2084) Anapa op 2009 (8)}) 13... exd5 (13... Bxd5 {SF recommends this counter-intuitive move, where it looks like Black would lose a tempo then White gets e4 in. I think, the reason is White would have to play with 2 hanging pawns in the center, eventually push for e5, then Black gets a strong outpost on d5.} 14. e4 Bb7 15. e5 (15. Nb3 Qa4) 15... Bxg2 16. Kxg2 Nd5) 14. e3 {I spent a lot of time thinking how to deal with c5. Decided to improve the dark squares and if ...c5 dxc5 bxc5 d4  Black's pawn shouldn't get far. If anything, Black would be the one playing with hanging pawns, for better or worse.} (14. e4 $2 {Would leave White with an isolated pawn in the center after a mass trade.} dxe4 15. Nxe4 Nxe4 16. Bxe4 Bxe4 17. Qxe4 Rfe8 18. Qd3) (14. b4 Rfe8 15. e3) 14... c5 15. dxc5 bxc5 (15... Rxc5 16. Qd3 Rfc8 17. Nb3 Rc2 {I thought this would have been pretty bad for White. I am not sure if I would have seen the correct continuation. White has to sac the b2-pawn to trap Black's rook.} 18. Rac1 Rxb2 19. Rxc8+ Qxc8 20. Rc1 $1 Qe8 21. Qc3 Ra2 22. Nd4 $1) 16. Rfd1 d4 17. Bxb7 Qxb7 18. Nc4 (18. exd4 cxd4 19. Qb3 Qxb3 20. Nxb3 {Black would have a passed pawn and I wasn't sure if I like that.}) 18... Rfd8 (18... Ne4 19. Nd2 Nxd2 20. Rxd2 dxe3 21. fxe3 {My plan after Ne4.}) 19. Qe2 Qd5 20. Qd3 g6 21. exd4 cxd4 {Now Black has a passed pawn. Not ideal for White, but is perhaps defendable.} 22. Rac1 Kg7 23. Nd2 Rb8 24. b4 a5 $6 25. Rc5 $1 {If White defends well against the d4-pawn, White gets to play for a win with the 2 Q-side connected passed pawns $1} Qd7 26. Rxa5 Rbc8 27. Nc4 (27. Nf3 $2 {I re-calculated this move many times and luckily talked myself out of it. Even right after the game I wasn't sure if I was hallucinating.} Rc3 $1 28. Qxd4 $4 Rxf3 29. Qxd7 Rxd7 30. Rxd7 Nxd7) (27. Rc5 {I absolutely do not understand this SF idea. Why is White better after splitting their pawns $2 Someone please help explain.} Rxc5 28. bxc5 Qd5 29. Rc1) (27. Ne4 Nxe4 28. Qxe4 d3 {Black's pawn advances further.}) (27. Nb3 {I glanced at this move and immediately rejected it due to Rc3, \"oh well I'll just lose a piece\". It's actually a nice tactical move, but the resulting position looks scary for White still.} Rc3 28. Qxc3 dxc3 29. Rxd7 Rxd7 30. Rc5 Rd3 31. Kg2 (31. Kf1 c2 {Either Black's pawn queens or White loses the knight}) 31... c2 32. Nc1 Rxa3 33. Rxc2) 27... Qg4 (27... Qh3 28. Ne5 Rc3 29. Qf1 {The end of my plan if Black plays this variation. White continues to hold, it seems.}) 28. Ne5 Qe6 29. Qa6 Qb3 {Both players have about 5 minutes left at this point.} 30. Rd3 (30. Rxd4 $4 {First instinctive move. Thank you chess god for telling me to calculate.} Rc1+ (30... Rxd4 31. Qxc8 Qb1+ 32. Kg2 Qe4+) 31. Kg2 Rxd4) 30... Qb1+ (30... Rc3 31. Rc5 Rd5 {Keeps the game complicated. With time trouble one of us might just blunder or flag.} (31... Rxd3 32. Qxd3 Qxd3 33. Nxd3)) 31. Kg2 Qc2 $4 {In this complication and both under time pressure, Black is the one who has to find only-moves, whereas the position plays itself for White. Pressure on Nf6 and the f7 pawn is key.} (31... Rc1 {Black's only chance left to draw (or even a win $1).} 32. Rf3 $1 Rd6 {A hard move to find.} (32... Rg1+ $2 33. Kh3 Qf1+ 34. Qxf1 Rxf1 35. Ra7) 33. Qb7 (33. Qxd6 $4 {I totally could have fell for this with 3 minutes left on the clock.} Rg1+ $1 34. Kh3 Qf1+ $1 35. Kh4 g5+ $1 36. Kxg5 Ne4+ $1) 33... Rg1+ 34. Kh3 Qf1+ 35. Kh4 g5+ 36. Kxg5 Qc1+ 37. Rf4 {The only move for White to keep an advantage.} (37. Kf5 {Would be a draw by perpetual checks.} Qc2+ 38. Kf4 (38. Kg5 {White loses immediately.} Ne4+) 38... Qc1+) 37... Ne4+ 38. Qxe4) 32. Rf3 $1 {Black either loses a knight, or the f7 pawn. Both comes with check.} Qe4 (32... Nd7 33. Rxf7+ Kg8 34. Qe6) (32... Qf5 33. Rxf5 gxf5 34. Qb7) 33. Qxf6+ Kg8 34. Qxf7+ Kh8 35. Qf6+ Kg8 36. Ra7 Qxf3+ 37. Qxf3 Rf8 38. Qd5+ Kh8 39. Nf7+ Kg7 40. Nd6+ {Of course I missed M2.} (40. Qxd4+ Kg8 41. Qh8# (41. Nh6#)) 40... Kh6 41. Nxc8 d3 42. Qxd3 1-0

[Event "2024 Jeremy Silman Memorial TNM"]
[Site "San Francisco"]
[Date "2024.07.09"]
[Round "1.24"]
[White "Parsons, Stephen"]
[Black "Cao, Danny Du Uy"]
[Result "1-0"]
[WhiteElo "1859"]
[BlackElo "1265"]
[Annotator "Cao,Danny Du Uy/Winslow, Elliott"]
[PlyCount "63"]
[GameId "2065844847030580"]
[EventDate "2024.??.??"]

1. Nf3 d5 2. d4 Nf6 3. Bf4 c5 (3... e6) 4. c3 Nc6 5. e3 cxd4 (5... e6) (5... Bf5) 6. exd4 Bf5 7. Bd3 ({Relevant:} 7. Nbd2 e6 8. Bb5 Nd7 9. O-O Be7 10. Re1 O-O 11. h3 a6 12. Bf1 b5 13. b4 Nb6 14. Nb3 Nc4 15. Nc5 a5 16. Bxc4 dxc4 17. a4 axb4 18. axb5 Na7 19. b6 Qxb6 20. Nd7 Qb7 21. Nxf8 bxc3 22. Nxe6 fxe6 23. d5 c2 24. Qd4 Bf6 25. Be5 Nb5 26. Qxc4 Rxa1 27. Rxa1 Qxd5 28. Qc8+ Kf7 29. Bxf6 gxf6 30. Kh2 Be4 31. Nh4 Qd6+ 32. g3 Qd4 33. Rf1 Bd3 34. Qb7+ Kg8 35. Qc8+ Kf7 36. Qb7+ Kf8 {0-1 Pranav,V (2588)-Shimanov,A (2566) Titled Tuesday intern op 29th Aug Early Chess.com INT blitz 2023 (5)}) 7... Bxd3 (7... Bg6) 8. Qxd3 e6 9. Qb5 {[#] there's a tactic in here that I missed ... let's see if I can figure it out on the bus} a6 $146 (9... Qc8) (9... Qd7) (9... Bd6 10. Bxd6 Qxd6 11. Qxb7 Rb8 (11... O-O 12. Qb3) 12. Qa6 Rxb2 (12... Rb6)) (9... Qb6 10. Qxb6 axb6) ({Predecessor:} 9... Qb6 10. Qxb6 axb6 11. Nbd2 Be7 12. O-O O-O 13. b4 Nh5 14. Bg3 Nxg3 15. fxg3 Ra3 16. Nb3 Rfa8 17. b5 Nb8 18. Ne5 Bf6 19. Ng4 Nd7 20. Nxf6+ Nxf6 21. Rfc1 Rxa2 22. Rxa2 Rxa2 23. c4 dxc4 24. Rxc4 h6 25. Rc8+ Kh7 26. Rc7 Rb2 27. Nc1 Rxb5 28. Rxb7 Rb1 29. Rc7 b5 30. Kf2 b4 31. Nd3 b3 32. Rb7 Ne4+ 33. Kf3 Ng5+ 34. Ke3 f5 35. Nc5 Ne4 36. Rxb3 Re1+ 37. Kf4 g5+ 38. Kf3 Nd2+ 39. Kf2 {0-1 Kudratov,B-Kolomeets,D (1212) Sochi Amateur U12 op 6th 2019 (4)}) 10. Qxb7 Na5 (10... Ra7 11. Qb3 Na5) 11. Qc7 Qxc7 12. Bxc7 Nc4 13. b3 Na3 14. Nxa3 Bxa3 15. Ba5 Rc8 16. Kd2 $14 (16. Rb1 $1 Ne4 17. c4 dxc4 18. bxc4 Rxc4 19. Rb8+ Ke7 20. Rxh8 Rc1+ 21. Ke2 Rxh1 22. Ne5 $1 $18) 16... Ne4+ 17. Kc2 Bd6 $2 (17... Nxc3 $2 18. Bxc3 Bb4 19. Rac1 Rxc3+ 20. Kb2 Rxc1 21. Rxc1 O-O 22. Rc7) (17... Nxf2 $1 18. Rhf1 (18. Raf1 $5 Nxh1 19. b4 $11 h5 $1) 18... Ne4 19. Rae1 (19. b4 $4 Rxc3+ $19) 19... Nd6 20. Ne5 O-O 21. g4 $14) 18. Rhf1 $1 $16 Kd7 (18... h5) 19. Kd3 f5 20. g3 Bc7 21. Bxc7 Rxc7 22. Rac1 Rhc8 23. c4 dxc4+ 24. bxc4 Rb7 (24... Rb8 25. Ne5+ Kd6 26. c5+ Kd5) 25. Ne5+ Ke7 26. f3 Nd6 27. Rb1 Kf6 (27... Rxb1 28. Rxb1) 28. Rxb7 Nxb7 29. Rb1 Nc5+ 30. Ke3 (30. dxc5 Kxe5) 30... Na4 31. Rb7 Rf8 32. Nd7+ 1-0